Latin OCR Vocab List AS Page 10 Quiz Stats

 Plays Quiz not verified by Sporcle

Score 0/38 Timer 10:00
0 Plays Today
Latin English % Correct
interea, interimmeanwhile
100%
iustus, -a, -umright
100%
initium, initiibeginning
95.5%
inquam, inquit, inquiuntsay
95.5%
inspicio, inspicere, inspexi, inspectuslook at
95.5%
inter, intrabetween
95.5%
interficio, interficere, interfeci, interfectuskill
95.5%
intro, intrare, intravi, intratusenter
95.5%
ira, iraeanger
95.5%
iratus, -a, -umangry
95.5%
is, ea,idthis
95.5%
itain this way
95.5%
iter, itinerisjourney
95.5%
iubeo, iubere, iussi, iussusorder
95.5%
iudex, iudicisjudge
95.5%
ingens, ingentishuge
90.9%
ingredior, ingredi, ingressus sumenter
90.9%
inimicus, inimicienemy
90.9%
insula, insulaeisland
90.9%
Latin English % Correct
intellego, intellegere, intellexi, intellectusunderstand
90.9%
invenio, invenire, inveni, inventusfind
90.9%
invito, invitare, invitavi, invitatusinvite
90.9%
iterumagain
90.9%
iungo, iungere, iunxi, iunctusjoin
90.9%
ita veroyes
86.4%
itaqueand so
86.4%
ingenium, ingeniicharacter
81.8%
ipse, ipsa, ipsum-self
72.7%
infrabelow
68.2%
insidiae, insidiarumambush
68.2%
invitus, -a, -umunwilling
68.2%
iniquus, -a, -umunfair
63.6%
inopia, inopiaeshortage
63.6%
instruo, instruere, instruxi, instructusdraw up
63.6%
insignis, insignis, insignedistinguished
59.1%
signa inferreattack
54.5%
infero, inferre, intuli, illatus/inlatusinflict
45.5%
bellum inferremake war on
40.9%

You're not logged in!

Compare scores with friends on all Sporcle quizzes.
OR
Log In

Show Comments

Extras

Top Quizzes Today


Score Distribution

Your Account Isn't Verified!

In order to create a playlist on Sporcle, you need to verify the email address you used during registration. Go to your Sporcle Settings to finish the process.

Report this User

Report this user for behavior that violates our Community Guidelines.

Details: